000 04862cam a22019334i 4500
003 PE-LiUPU
005 20250813165350.0
008 071129s2007 mx ab 001 0 spa d
020 _a9707292873
020 _a9789707292871
035 _a(Sirsi) i9789707292871
040 _aUV#
_bspa
_cUV#
_dOCLCQ
_dPE-LiUPU
_erda
041 1 _aspa
_heng
049 _aPRUA
050 4 _aQR41.2
_bM494 2007
082 4 _a616.9041
_bM5
245 0 0 _aMicrobiología humana /
_cEugene W. Nester [y otros tres autores].
250 _a5a edición.
264 _aMéxico, D.F. :
_bEl Manual Moderno,
_c2007.
300 _axiii, 996 páginas :
_bilustraciones ;
_c28 centímetros.
336 _text
_2rdacontent
337 _unmediated
_2rdamedia
338 _volume
_2rdacarrier
504 _aIncluye índice : 969-996.
505 2 _aMicrobiología -- El mundo microbiano -- Microorganismos y humanos -- Enfermedades infecciosas -- Microbiología aplicada.
526 _aP203
526 _aP200
526 _aSEG65
526 _aSEG64
526 _aSEG63
526 _aSEG62
526 _aSEG61
526 _aSEG60
526 _aSEG59
526 _aSEG58
526 _aSEG57
526 _aSEG56
526 _aSEG55
526 _aSEG54
526 _aSEG53
526 _aSEG52
526 _aSEG51
526 _aSEG50
526 _aSEG49
526 _aSEG48
526 _aSEG47
526 _aSEG46
526 _aSEG24
526 _aSEG23
526 _aSEG22
526 _aSEG21
526 _aSEG20
526 _aSEG19
526 _aSEG18
526 _aSEG17
526 _aSEG16
526 _aSEG14
526 _aSEG13
526 _aSEG12
526 _aSEG11
526 _aSEG10
526 _aSEG09
526 _aSEG06
526 _aSEG05
526 _aSEG04
526 _aSEG03
526 _aSEG02
526 _aSEG68
526 _aSEG66
526 _aSEG45
526 _aSEG25
526 _aSEG01
526 _aP163
526 _aP162
526 _aP161
526 _aP160
526 _aP159
526 _aP158
526 _aP157
526 _aP156
526 _aP155
526 _aP154
526 _aP153
526 _aP152
526 _aP151
526 _aP150
526 _aP149
526 _aP142
526 _aP141
526 _aP140
526 _aP139
526 _aP138
526 _aP137
526 _aP132
526 _aP131
526 _aP130
526 _aP126
526 _aP125
526 _aP124
526 _aP123
526 _aP115
526 _aP122
526 _aP121
526 _aP116
526 _a P114
526 _aP112
526 _aP111
526 _aP104
526 _aP103
526 _aP102
526 _aP101
526 _aP100
526 _aP96
526 _aP95
526 _aP93
526 _aP92
526 _aP91
526 _aP88
526 _aP83
526 _aP82
526 _aP79
526 _aP78
526 _aP75
526 _aP74
526 _aP71
526 _aP69
526 _a P51
526 _aP49
526 _aP48
526 _aP47
526 _aP33
526 _aP31
526 _a P30
526 _aP29
526 _aP27
526 _aP26
526 _aP25
526 _aP24
526 _a P22
526 _aP10
526 _aP09
526 _a P08
526 _aP06
526 _aP05
526 _aP04
526 _aP01
534 _pTítulo origianl :
_ta human perspective.
541 _g001-003151;
650 4 _aMicrobiología.
700 1 _aAnderson G., Denise,
_eautor.
700 1 _aCastellanos Urdaibay, Mario Alejandro,
_etraductor.
700 1 _aLarios Aznar, Pedro,
_etraductor.
700 1 _aNester, Eugene W.,
_eautor.
700 1 _aPastrana Retana, Víctor Manuel,
_etraductor.
700 1 _aRobert Evans, C.,
_eautor.
942 _2ddc
_cBOOK
949 _a616.9041 M5
_wDEWEY
_c1
_i74025
_d2016-9-21
_e2016-9-19
_lCCODEBUL1
_mBUL
_n6
_p124.75
_r0
_sY
_tBOOK
_u2016-7-12
_xSALUD
_PP30
_0COMPRA
_o.STAFF. Colección General
949 _a616.9041 N45 200
_wDEWEY
_c1
_iFJ07013
_lCCODEBUJ1
_mBUJ
_p50.00
_r0
_sY
_tBOOK
_u2017-10-24
_xSALUD
_PP22
_0COMPRA
_o.STAFF -- Colección General Juliaca
994 _aC0
_bPEPRU
596 _a1 3
999 _a616.9041 M5
_wDEWEY
_c11082
_i74025
_d11082
_e2017-9-1
_f2021-11-4
_g5
_lCCODEBUL1
_mBUL
_n10
_p124.75
_q6
_r0
_sY
_tBOOK
_u2016-7-12
_xSALUD
_PP30
_0COMPRA
_o.STAFF. Colección Ciencias de la Salud
999 _a616.9041 N45 2007
_wDEWEY
_c1
_iFJ07013
_d2019-9-20
_e2019-9-18
_f2022-1-25
_g4
_lCCODEBUJ1
_mBUJ
_n3
_p50.00
_q3
_r0
_sY
_tBOOK
_u2017-2-20
_xSALUD
_PP33
_0COMPRA
_o.STAFF. Colección General Juliaca
980 _81
_gALBERTO SANCHEZ Responsable de Automatización